[Event "POL-chT3 Dolnoslaskie 1718"]
[Site "Poland"]
[Date "2018.03.04"]
[Round "9.18"]
[White "Szydelko, Marcin"]
[Black "Zombirt, Filip"]
[Result "1-0"]
[WhiteElo "1943"]
[BlackElo "1929"]
[PlyCount "75"]
[EventDate "2017.10.08"]
[EventType "team-tourn"]
[EventRounds "11"]
[EventCountry "POL"]
[SourceTitle "EXT 2019"]
[Source "ChessBase"]
[SourceDate "2018.10.10"]
[SourceVersion "1"]
[SourceVersionDate "2018.10.10"]
[SourceQuality "1"]

1. e4 d5 2. exd5 Nf6 3. Nc3 Nxd5 4. Bc4 Nb6 5. Bb3 Nc6 6. Nf3 Bf5 7. 0-0 e6 8. d4 Be7 9. Bf4 0-0 10. h3 Bf6 11. Nb5 Rc8 12. Ne5 Bxe5 13. dxe5 a6 14. Nc3 Nd4 15. Rc1 c5 16. Be3 Nxb3 17. axb3 Qh4 18. Qf3 Qe7 19. Qg3 Nd5 20. Nxd5 exd5 21. Bg5 Qe6 22. f4 Qg6 23. Qe3 d4 24. Qf3 h6 25. Be7 Rfe8 26. Bd6 b5 27. Kh2 h5 28. Rg1 Bxc2 29. g4 Be4 30. Qf2 Qe6 31. f5 Qxb3 32. Rg3 Qd5 33. gxh5 Kh7 34. Rcg1 Rg8 35. Qf4 d3 36. Rg6 d2 37. Qg5 Bg2 38. f6 1-0

[Event "POL-chT3 Dolnoslaskie 1718"]
[Site "Poland"]
[Date "2018.02.04"]
[Round "7.22"]
[White "Zombirt, Filip"]
[Black "Kolasinski, Krzysztof"]
[Result "0-1"]
[WhiteElo "1929"]
[BlackElo "2055"]
[PlyCount "112"]
[EventDate "2017.10.08"]
[EventType "team-tourn"]
[EventRounds "11"]
[EventCountry "POL"]
[SourceTitle "EXT 2019"]
[Source "ChessBase"]
[SourceDate "2018.10.10"]
[SourceVersion "1"]
[SourceVersionDate "2018.10.10"]
[SourceQuality "1"]

1. d4 Nf6 2. c4 g6 3. Nc3 Bg7 4. e4 d6 5. Nf3 0-0 6. Be2 e5 7. 0-0 Nc6 8. d5 Ne7 9. Ne1 Nd7 10. f3 f5 11. g4 Kh8 12. Nd3 Ng8 13. Be3 b6 14. b4 Bh6 15. Qd2 Bxe3+ 16. Qxe3 a5 17. a3 Ba6 18. Nb5 Bxb5 19. cxb5 Qh4 20. Rfe1 axb4 21. axb4 Rxa1 22. Rxa1 Ngf6 23. Nf2 Kg7 24. Ra7 Ne8 25. Kg2 h5 26. gxf5 gxf5 27. exf5 Rxf5 28. Ne4 Ndf6 29. Ng3 Rg5 30. Qd3 Qxb4 31. Kh3 Qf4 32. Qc4 h4 33. Qxf4 exf4 34. Ne4 Rxd5 35. Nxf6 Kxf6 36. Kxh4 Rd2 37. Bc4 Rxh2+ 38. Kg4 Ke5 39. Ra1 Nf6+ 40. Kg5 Rg2+ 41. Kh4 d5 42. Bd3 Kd4 43. Bf5 Rg3 44. Rc1 Ke5 45. Bg4 Nxg4 46. fxg4 Rb3 47. Re1+ Kd6 48. g5 Rg3 49. Re8 Rg1 50. Kh5 Kc5 51. Rf8 Rh1+ 52. Kg6 Kxb5 53. Rxf4 c5 54. Kf5 Rh8 55. Ke5 d4 56. g6 Rg8 0-1

[Event "POL-chT3 Dolnoslaskie 1718"]
[Site "Poland"]
[Date "2017.12.10"]
[Round "5.26"]
[White "Zombirt, Filip"]
[Black "Rura, Mikolaj"]
[Result "1-0"]
[WhiteElo "1929"]
[BlackElo "1624"]
[PlyCount "81"]
[EventDate "2017.10.08"]
[EventType "team-tourn"]
[EventRounds "11"]
[EventCountry "POL"]
[SourceTitle "EXT 2019"]
[Source "ChessBase"]
[SourceDate "2018.10.10"]
[SourceVersion "1"]
[SourceVersionDate "2018.10.10"]
[SourceQuality "1"]

1. d4 Nf6 2. c4 g6 3. Nc3 Bg7 4. e4 d6 5. Nf3 0-0 6. Be2 Nbd7 7. 0-0 e5 8. Re1 Ne8 9. d5 f5 10. Ng5 Nb6 11. a4 f4 12. Ne6 Bxe6 13. dxe6 c6 14. a5 Nc8 15. c5 Nc7 16. Qb3 Ne7 17. cxd6 Qxd6 18. Rd1 Qc5 19. Na4 Qd4 20. Rxd4 exd4 21. Bd2 Be5 22. Bb4 Rfe8 23. Nc5 Bd6 24. Nxb7 Bxb4 25. Qxb4 Rab8 26. a6 Nxe6 27. Bc4 Nc8 28. Qb3 Kf7 29. Bxe6+ Rxe6 30. Nd6+ Nxd6 31. Qxb8 Nxe4 32. Qxf4+ Nf6 33. Qc7+ Re7 34. Qxc6 Kg7 35. h3 d3 36. Rd1 Rd7 37. Qc3 Rd6 38. Rxd3 Rxa6 39. Rd7+ Kg8 40. Qc8+ Ne8 41. Qxe8# 1-0

[Event "POL-chT3 Dolnoslaskie 1718"]
[Site "Poland"]
[Date "2017.11.19"]
[Round "4.3"]
[White "Mazurek, Bartosz"]
[Black "Zombirt, Filip"]
[Result "0-1"]
[WhiteElo "1757"]
[BlackElo "1929"]
[PlyCount "114"]
[EventDate "2017.10.08"]
[EventType "team-tourn"]
[EventRounds "11"]
[EventCountry "POL"]
[SourceTitle "EXT 2019"]
[Source "ChessBase"]
[SourceDate "2018.10.10"]
[SourceVersion "1"]
[SourceVersionDate "2018.10.10"]
[SourceQuality "1"]

1. d4 Nf6 2. Nf3 g6 3. c4 Bg7 4. Nc3 c5 5. d5 e6 6. dxe6 dxe6 7. Qxd8+ Kxd8 8. g3 Nc6 9. Bg2 h6 10. 0-0 Ke7 11. Rd1 Rd8 12. Bf4 Ne8 13. Na4 e5 14. Rxd8 Kxd8 15. Rd1+ Kc7 16. Bc1 b6 17. Nc3 Be6 18. b3 Rd8 19. Rxd8 Kxd8 20. Ng5 hxg5 21. Bxc6 g4 22. f3 gxf3 23. Bxf3 f5 24. e4 Nd6 25. Kf2 Kd7 26. Bd2 Bf6 27. h4 f4 28. Ne2 fxg3+ 29. Kxg3 b5 30. cxb5 Nxb5 31. Bg4 Nd6 32. Nc3 Bd8 33. Bxe6+ Kxe6 34. a3 Ba5 35. Kf3 a6 36. Nb1 Bd8 37. Be1 Nb5 38. Kg4 Nd4 39. b4 Nc2 40. Bd2 cxb4 41. axb4 Be7 42. h5 gxh5+ 43. Kxh5 Nxb4 44. Kg4 Nc2 45. Bc3 Bb4 46. Kf3 Kd6 47. Ke2 Nd4+ 48. Kd3 Bxc3 49. Nxc3 Kc5 50. Na4+ Kb4 51. Nb6 a5 52. Nc4 Nc6 53. Nd2 a4 54. Kc2 a3 55. Kb1 Kc3 56. Nf3 Nb4 57. Ka1 a2 0-1

[Event "POL-chT3 Dolnoslaskie 1617"]
[Site "Poland"]
[Date "2017.01.08"]
[Round "5.27"]
[White "Kawaler, Adam"]
[Black "Zombirt, Filip"]
[Result "1-0"]
[WhiteElo "1752"]
[BlackElo "1986"]
[PlyCount "62"]
[EventDate "2016.10.16"]
[EventType "team-tourn"]
[EventRounds "11"]
[EventCountry "POL"]
[SourceTitle "EXT 2018"]
[Source "ChessBase"]
[SourceDate "2017.10.13"]
[SourceVersion "1"]
[SourceVersionDate "2017.10.13"]
[SourceQuality "1"]

1. e4 c5 2. Nc3 a6 3. a4 Nc6 4. f4 d6 5. Bc4 g6 6. Nf3 Bg7 7. 0-0 e6 8. f5 gxf5 9. exf5 d5 10. fxe6 fxe6 11. Ba2 Nf6 12. d4 cxd4 13. Ne2 0-0 14. Nexd4 Qb6 15. Kh1 Ng4 16. c3 Nxd4 17. cxd4 Bxd4 18. Nxd4 Rxf1+ 19. Qxf1 Qxd4 20. h3 Nf2+ 21. Kh2 Bd7 22. Qe2 Rf8 23. Bh6 Rf6 24. Qh5 Ne4 25. Rd1 Qf2 26. Rd3 Qf5 27. Rxd5 Qxh5 28. Rxh5 Kf7 29. Be3 Kg6 30. Re5 Nd6 31. Bb1+ Kf7 1-0

[Event "Wroclaw op-A 10th"]
[Site "Wroclaw"]
[Date "2015.07.06"]
[Round "6"]
[White "Zombirt, Filip"]
[Black "Praczukowski, Stanislaw"]
[Result "1/2-1/2"]
[WhiteElo "2013"]
[BlackElo "2037"]
[PlyCount "68"]
[EventDate "2015.07.03"]
[EventType "swiss"]
[EventRounds "9"]
[EventCountry "POL"]
[SourceTitle "CBM 167 Extra"]
[Source "ChessBase"]
[SourceDate "2015.09.14"]
[SourceVersion "1"]
[SourceVersionDate "2015.09.14"]
[SourceQuality "1"]

1. d4 Nf6 2. c4 e6 3. g3 Bb4+ 4. Bd2 Qe7 5. Bg2 Nc6 6. Nf3 Bxd2+ 7. Qxd2 Ne4 8. Qc2 Qb4+ 9. Nc3 Nxc3 10. Qxc3 Qxc3+ 11. bxc3 d6 12. 0-0 e5 13. Rab1 0-0 14. e3 Rb8 15. c5 Bf5 16. Rbd1 exd4 17. Nxd4 Nxd4 18. Rxd4 dxc5 19. Rd5 Be6 20. Rxc5 c6 21. a4 Rbd8 22. a5 a6 23. h4 f6 24. Rb1 Rf7 25. Bf3 Rfd7 26. Rb4 g6 27. Rd4 Kf7 28. Kf1 Ke7 29. Ke1 Rd6 30. Be2 Kd7 31. Bg4 Kc7 32. Bxe6 Rxe6 33. g4 Rde8 34. Rf4 Kd6 1/2-1/2

[Event "POL-chT1"]
[Site "Szklarska Poreba"]
[Date "2013.09.15"]
[Round "9"]
[White "Zombirt, Filip"]
[Black "Mazurkiewicz, Michal"]
[Result "0-1"]
[WhiteElo "1964"]
[BlackElo "2212"]
[PlyCount "62"]
[EventDate "2013.09.07"]
[EventType "team-tourn"]
[EventRounds "9"]
[EventCountry "POL"]
[SourceTitle "EXT 2015"]
[Source "ChessBase"]
[SourceDate "2014.11.20"]
[SourceVersion "1"]
[SourceVersionDate "2014.11.20"]
[SourceQuality "1"]
[WhiteTeam "Gant Hetman"]
[BlackTeam "Warsaw Sharks"]
[WhiteTeamCountry "POL"]
[BlackTeamCountry "POL"]

1. d4 d6 2. Nf3 Nf6 3. c4 g6 4. Nc3 Bg7 5. e4 0-0 6. Be2 c5 7. 0-0 cxd4 8. Nxd4 Nc6 9. Nc2 Nd7 10. Be3 Nc5 11. f3 a5 12. Qd2 a4 13. Rab1 Qa5 14. Nd5 Qxd2 15. Bxd2 Be6 16. Bg5 Bxd5 17. cxd5 Nd4 18. Nxd4 Bxd4+ 19. Kh1 f6 20. Bd2 Rfc8 21. Bb5 a3 22. b3 Na6 23. Rfc1 Bb2 24. Rc4 Rxc4 25. Bxc4 Rc8 26. Kg1 Nc5 27. Kf1 b5 28. Bxb5 Nxb3 29. Ke1 Rc2 30. Bb4 Nc1 31. Bd2 Nxa2 0-1

[Event "POL-chT1"]
[Site "Szklarska Poreba"]
[Date "2013.09.10"]
[Round "4"]
[White "Zombirt, Filip"]
[Black "Sliwerski, Radoslaw"]
[Result "0-1"]
[WhiteElo "1964"]
[BlackElo "2082"]
[PlyCount "98"]
[EventDate "2013.09.07"]
[EventType "team-tourn"]
[EventRounds "9"]
[EventCountry "POL"]
[SourceTitle "EXT 2015"]
[Source "ChessBase"]
[SourceDate "2014.11.20"]
[SourceVersion "1"]
[SourceVersionDate "2014.11.20"]
[SourceQuality "1"]
[WhiteTeam "Gant Hetman"]
[BlackTeam "Miedzyborow Wrzos"]
[WhiteTeamCountry "POL"]
[BlackTeamCountry "POL"]

1. d4 Nf6 2. c4 e6 3. g3 d5 4. Bg2 Be7 5. Nf3 0-0 6. 0-0 dxc4 7. Qc2 a6 8. Qxc4 b5 9. Qc2 Bb7 10. Bd2 Be4 11. Qc1 Bb7 12. Bf4 Bd6 13. Nbd2 Bxf4 14. gxf4 Qd6 15. Nb3 Nbd7 16. Nc5 Bd5 17. Re1 Ne4 18. Ne5 Ndxc5 19. dxc5 Nxc5 20. e4 Bb7 21. Rd1 Qe7 22. b4 Nxe4 23. Rd7 Qh4 24. Qe3 Nd6 25. Bxb7 Nxb7 26. Rxc7 Nd6 27. Rd1 Nc4 28. Qg3 Nxe5 29. fxe5 Qxb4 30. Qf3 Rac8 31. Rcd7 Qh4 32. Ra7 Rc1 33. Rxc1 Qg5+ 34. Qg3 Qxc1+ 35. Kg2 Qc6+ 36. Qf3 Qc5 37. Rxa6 Qxe5 38. Ra8 g6 39. Ra7 Qg5+ 40. Kf1 Qc1+ 41. Kg2 Qc5 42. Rb7 Kg7 43. a3 Qg5+ 44. Kf1 Qc5 45. Kg2 e5 46. h4 h5 47. Kg3 Qc4 48. Re7 Rd8 49. Rxe5 Rd4 0-1

[Event "Rewal op-A 18th"]
[Site "Rewal"]
[Date "2013.08.27"]
[Round "7"]
[White "Zombirt, Filip"]
[Black "Guzik, Jolanta"]
[Result "1-0"]
[WhiteElo "1964"]
[BlackElo "2100"]
[PlyCount "83"]
[EventDate "2013.08.20"]
[EventType "swiss"]
[EventRounds "9"]
[EventCountry "POL"]
[SourceTitle "CBM 156 Extra"]
[Source "ChessBase"]
[SourceDate "2013.10.22"]
[SourceVersion "1"]
[SourceVersionDate "2013.10.22"]
[SourceQuality "1"]

1. d4 d5 2. c4 e6 3. g3 f5 4. Bg2 Nf6 5. Nh3 c6 6. Qc2 Bd6 7. Bf4 0-0 8. 0-0 Qe7 9. Nd2 Nbd7 10. Nf3 e5 11. dxe5 Nxe5 12. Nxe5 Bxe5 13. Rfd1 dxc4 14. Qxc4+ Be6 15. Qc2 Bd5 16. Bxe5 Qxe5 17. Nf4 Bxg2 18. Kxg2 Rae8 19. e3 g5 20. Ne2 Rf7 21. Rd4 Nd5 22. Nc3 Nxc3 23. Qxc3 c5 24. Rc4 Qxc3 25. Rxc3 b6 26. Rd1 g4 27. Rd6 Kg7 28. a4 Re4 29. a5 Rb4 30. b3 Rf6 31. Rd7+ Rf7 32. Rdd3 bxa5 33. Rxc5 a4 34. bxa4 Rxa4 35. Rdd5 Kg6 36. h3 h5 37. Rc6+ Kg7 38. Rdd6 Ra2 39. Rg6+ Kf8 40. Rc8+ Ke7 41. Rc7+ Ke8 42. Rg8+ 1-0

[Event "Wroclaw op-A 8th"]
[Site "Wroclaw"]
[Date "2013.07.08"]
[Round "8"]
[White "Kulas, Szymon"]
[Black "Zombirt, Filip"]
[Result "0-1"]
[WhiteElo "2029"]
[BlackElo "1924"]
[PlyCount "76"]
[EventDate "2013.07.01"]
[EventType "swiss"]
[EventRounds "9"]
[EventCountry "POL"]
[SourceTitle "CBM 155 Extra"]
[Source "ChessBase"]
[SourceDate "2013.08.26"]
[SourceVersion "1"]
[SourceVersionDate "2013.08.26"]
[SourceQuality "1"]

1. e4 c5 2. c3 d5 3. exd5 Qxd5 4. d4 Nf6 5. Nf3 Bg4 6. dxc5 Qxd1+ 7. Kxd1 e5 8. b4 e4 9. h3 Bh5 10. g4 Nxg4 11. hxg4 Bxg4 12. Nbd2 h5 13. Kc2 exf3 14. Bd3 Nc6 15. Nc4 0-0-0 16. Be4 f6 17. Be3 g5 18. b5 Ne5 19. Na5 Rd7 20. c6 bxc6 21. bxc6 Rc7 22. Rab1 f5 23. Bd5 f4 24. Bd4 Bf5+ 25. Kd2 Bg7 26. Rb5 Rh6 27. Re1 Re7 28. Rb7 Nxc6 29. Rbxe7 Nxe7 30. Rxe7 Bxd4 31. cxd4 g4 32. Rf7 Bd7 33. Rxf4 h4 34. Bc6 h3 35. Rf8+ Kc7 36. Rf7 h2 37. Rxd7+ Kc8 38. Rg7 h1Q 0-1

[Event "Wroclaw op-A 8th"]
[Site "Wroclaw"]
[Date "2013.07.07"]
[Round "7"]
[White "Zombirt, Filip"]
[Black "Puszczewicz, Krzysztof"]
[Result "1-0"]
[WhiteElo "1924"]
[BlackElo "2100"]
[PlyCount "77"]
[EventDate "2013.07.01"]
[EventType "swiss"]
[EventRounds "9"]
[EventCountry "POL"]
[SourceTitle "CBM 155 Extra"]
[Source "ChessBase"]
[SourceDate "2013.08.26"]
[SourceVersion "1"]
[SourceVersionDate "2013.08.26"]
[SourceQuality "1"]

1. d4 Nf6 2. c4 e6 3. Nc3 c5 4. d5 exd5 5. cxd5 d6 6. e4 g6 7. Bd3 Bg7 8. h3 0-0 9. Nf3 b6 10. 0-0 Ba6 11. Bf4 Bxd3 12. Qxd3 a6 13. a4 Re8 14. Rfe1 Ra7 15. Rad1 Rae7 16. Bh2 Rf8 17. Nd2 Ne8 18. Nc4 f6 19. Qg3 Rd7 20. Ne2 b5 21. axb5 axb5 22. Na3 Rb7 23. Nf4 Qa5 24. Ne6 Rff7 25. Ra1 Rfe7 26. Nc4 Qxa1 27. Rxa1 bxc4 28. Qc3 Ra7 29. Rxa7 Rxa7 30. Bg3 Nd7 31. Qxc4 Ne5 32. Qb5 Re7 33. b4 cxb4 34. Qxb4 h6 35. Qb8 Nf7 36. f3 Kh7 37. Nd4 Nc7 38. Nc6 Na6 39. Qc8 1-0

[Event "Wroclaw op-A 8th"]
[Site "Wroclaw"]
[Date "2013.07.03"]
[Round "3"]
[White "Zombirt, Filip"]
[Black "Kubien, Jerzy"]
[Result "0-1"]
[WhiteElo "1924"]
[BlackElo "2204"]
[PlyCount "86"]
[EventDate "2013.07.01"]
[EventType "swiss"]
[EventRounds "9"]
[EventCountry "POL"]
[SourceTitle "CBM 155 Extra"]
[Source "ChessBase"]
[SourceDate "2013.08.26"]
[SourceVersion "1"]
[SourceVersionDate "2013.08.26"]
[SourceQuality "1"]

1. d4 Nf6 2. c4 e5 3. dxe5 Ng4 4. Nf3 Bc5 5. e3 Nc6 6. Be2 Ngxe5 7. 0-0 d6 8. Nc3 0-0 9. Na4 Bb6 10. b3 Nxf3+ 11. Bxf3 Ne5 12. Be2 Bd7 13. Nxb6 axb6 14. Bb2 Qe7 15. Qd4 f6 16. a4 Bc6 17. f4 Nd7 18. Bf3 Nc5 19. Qc3 Rfe8 20. Rae1 Be4 21. Bxe4 Qxe4 22. Rf3 Qd3 23. Qxd3 Nxd3 24. Rb1 Re4 25. Bc3 Rae8 26. Bd2 Kf7 27. g4 h6 28. h3 d5 29. cxd5 Rd8 30. Bc3 Rxd5 31. Rd1 Nxf4 32. Rxd5 Nxd5 33. Bd2 Ke6 34. Kf2 Re5 35. Ke2 Ne7 36. Rf4 Nc6 37. Kd3 Rd5+ 38. Kc2 h5 39. e4 Rc5+ 40. Kb2 Ne5 41. Kb1 hxg4 42. hxg4 g5 43. Rf5 Nxg4 0-1

[Event "POL-ch Amateur"]
[Site "Wroclaw"]
[Date "2012.06.23"]
[Round "4"]
[White "Milkowska, Ernesta"]
[Black "Zombirt, Filip"]
[Result "1-0"]
[WhiteElo "1829"]
[BlackElo "1928"]
[PlyCount "97"]
[EventDate "2012.06.22"]
[EventType "swiss"]
[EventRounds "7"]
[EventCountry "POL"]
[SourceTitle "EXT 2013"]
[Source "ChessBase"]
[SourceDate "2012.11.22"]
[SourceVersion "1"]
[SourceVersionDate "2012.11.22"]
[SourceQuality "1"]

1. c4 Nf6 2. g3 d5 3. cxd5 Nxd5 4. Bg2 g6 5. Nc3 Nb6 6. Nf3 Bg7 7. 0-0 Nc6 8. d3 0-0 9. Bd2 e5 10. Qc1 Nd4 11. Re1 c6 12. Ne4 Nd5 13. Bh6 Nxf3+ 14. Bxf3 Bh3 15. a3 Qe7 16. Bd2 Rfe8 17. Rb1 a5 18. b4 axb4 19. axb4 Rec8 20. Qc2 h6 21. Rec1 Nf6 22. Nc5 Bg4 23. Bxg4 Nxg4 24. Qb3 Nf6 25. b5 e4 26. dxe4 Nxe4 27. Nxe4 Qxe4 28. Be3 cxb5 29. Qxb5 Rxc1+ 30. Rxc1 Kh7 31. Qd7 Qe6 32. Qxe6 fxe6 33. Rc7 e5 34. Rxb7 Ra2 35. Kf1 g5 36. f4 gxf4 37. gxf4 Kg6 38. fxe5 Ra6 39. Bf4 Re6 40. Rb5 Kf5 41. e3 Ke4 42. Kf2 Ra6 43. Rb4+ Kf5 44. Kf3 Ra5 45. Rb6 Ra3 46. Rb7 Kg6 47. e6 Ra6 48. e7 Ra8 49. Bb8 1-0

[Event "Wroclaw Cup-A"]
[Site "Wroclaw"]
[Date "2012.05.06"]
[Round "9"]
[White "Dobrowolski, Aleksander"]
[Black "Zombirt, Filip"]
[Result "1-0"]
[WhiteElo "2321"]
[BlackElo "1898"]
[PlyCount "65"]
[EventDate "2012.04.30"]
[EventType "swiss"]
[EventRounds "9"]
[EventCountry "POL"]
[SourceTitle "EXT 2013"]
[Source "ChessBase"]
[SourceDate "2012.11.22"]
[SourceVersion "1"]
[SourceVersionDate "2012.11.22"]
[SourceQuality "1"]

1. e4 c5 2. Nf3 Nc6 3. d4 cxd4 4. Nxd4 Nf6 5. Nc3 e5 6. Ndb5 d6 7. Bg5 a6 8. Na3 b5 9. Nd5 Be7 10. Bxf6 Bxf6 11. c4 b4 12. Nc2 a5 13. Qf3 Be6 14. Rd1 a4 15. Ndxb4 Qa5 16. a3 Nd4 17. Nxd4 exd4 18. Bd3 0-0 19. 0-0 Rac8 20. Qe2 Bd8 21. f4 f6 22. Kh1 Bb6 23. Qc2 Bc5 24. Nd5 Bxd5 25. exd5 h6 26. Bf5 Rb8 27. Be6+ Kh8 28. Qg6 f5 29. Bxf5 Rxf5 30. Qxf5 Rxb2 31. Qf8+ Kh7 32. Rfe1 Rb7 33. Re8 1-0

[Event "Wroclaw Cup-A"]
[Site "Wroclaw"]
[Date "2012.05.04"]
[Round "7"]
[White "Zombirt, Filip"]
[Black "Knap, Jerzy"]
[Result "1/2-1/2"]
[WhiteElo "1898"]
[BlackElo "1853"]
[PlyCount "114"]
[EventDate "2012.04.30"]
[EventType "swiss"]
[EventRounds "9"]
[EventCountry "POL"]
[SourceTitle "EXT 2013"]
[Source "ChessBase"]
[SourceDate "2012.11.22"]
[SourceVersion "1"]
[SourceVersionDate "2012.11.22"]
[SourceQuality "1"]

1. d4 Nf6 2. c4 e6 3. g3 Bb4+ 4. Bd2 Qe7 5. Bg2 Bxd2+ 6. Qxd2 d5 7. Nc3 0-0 8. Nf3 dxc4 9. Ne5 c6 10. Nxc4 Nbd7 11. 0-0 Rd8 12. Rad1 Nf8 13. e4 Ng6 14. Rfe1 Qc7 15. Ne3 Bd7 16. d5 exd5 17. exd5 Bg4 18. Nxg4 Nxg4 19. d6 Qa5 20. Qd4 Nf6 21. b4 Qb6 22. Qc4 a5 23. b5 cxb5 24. Nxb5 Rac8 25. Qd3 a4 26. Nc3 Qb4 27. Ne4 b5 28. Rb1 Qc4 29. Nxf6+ gxf6 30. Qxc4 Rxc4 31. Red1 b4 32. Bd5 Rc3 33. Rxb4 Kg7 34. Bg2 a3 35. Ra4 Ne5 36. Ra6 Nd3 37. Bd5 Nb4 38. Rb6 Nxd5 39. Rxd5 Rc2 40. d7 Rxa2 41. Ra6 Kf8 42. Rd3 Ke7 43. Ra7 Ra1+ 44. Kg2 a2 45. h4 Rc1 46. Rxa2 Rxd7 47. Rxd7+ Kxd7 48. Ra4 Rc8 49. Ra6 Ke7 50. Kf3 Rc5 51. Ra8 h5 52. Ra6 Rf5+ 53. Kg2 Kf8 54. f3 Kg7 55. g4 hxg4 56. fxg4 Rb5 57. Ra4 Rc5 1/2-1/2

[Event "Wroclaw Cup-A"]
[Site "Wroclaw"]
[Date "2012.05.01"]
[Round "2"]
[White "Zombirt, Filip"]
[Black "Karnas, Leszek"]
[Result "1/2-1/2"]
[WhiteElo "1898"]
[BlackElo "1850"]
[PlyCount "47"]
[EventDate "2012.04.30"]
[EventType "swiss"]
[EventRounds "9"]
[EventCountry "POL"]
[SourceTitle "EXT 2013"]
[Source "ChessBase"]
[SourceDate "2012.11.22"]
[SourceVersion "1"]
[SourceVersionDate "2012.11.22"]
[SourceQuality "1"]

1. d4 d5 2. Nf3 Nf6 3. c4 dxc4 4. Nc3 e6 5. e3 Be7 6. Bxc4 c5 7. 0-0 Nc6 8. Qe2 cxd4 9. Rd1 a6 10. exd4 0-0 11. Bf4 Nb4 12. Rac1 b5 13. Bb3 Bb7 14. a4 bxa4 15. Nxa4 Bd5 16. Bc7 Qe8 17. Bxd5 Nfxd5 18. Nb6 Nxb6 19. Bxb6 Qb8 20. Bc5 Nd5 21. Rc2 Qb7 22. Rdc1 Rfc8 23. Qe4 Bf6 24. Bd6 1/2-1/2

[Event "Wroclaw op-B 6th"]
[Site "Wroclaw"]
[Date "2011.07.07"]
[Round "6"]
[White "Zombirt, Filip"]
[Black "Oszczanowski, Witold"]
[Result "0-1"]
[WhiteElo "1864"]
[BlackElo "1804"]
[PlyCount "100"]
[EventDate "2011.07.04"]
[EventType "swiss"]
[EventRounds "9"]
[EventCountry "POL"]
[SourceTitle "EXT 2023"]
[Source "ChessBase"]
[SourceDate "2022.10.05"]
[SourceVersion "1"]
[SourceVersionDate "2022.10.05"]
[SourceQuality "1"]

1. d4 Nf6 2. c4 g6 3. g3 Bg7 4. Bg2 0-0 5. Nc3 d6 6. Nf3 Nc6 7. 0-0 Bf5 8. d5 Na5 9. Nd2 c5 10. h3 a6 11. g4 Bd7 12. Qc2 b5 13. b3 Rb8 14. Bb2 bxc4 15. bxc4 Qc7 16. Rab1 Rb6 17. Ba1 Rfb8 18. Rxb6 Rxb6 19. Nd1 Rb8 20. Ne3 Nb7 21. Rb1 Nd8 22. Bc3 Rxb1+ 23. Qxb1 Qb7 24. Qa1 Ba4 25. f4 Ne8 26. Bxg7 Nxg7 27. f5 Qb4 28. Ne4 gxf5 29. gxf5 f6 30. Bf3 Nf7 31. Kf2 Ne5 32. Qc1 Bd7 33. Bg4 h5 34. Bf3 Nxf3 35. Kxf3 Bxf5 36. Qg1 Bxh3 37. Qg6 Bg4+ 38. Kf2 Qb2 39. Nxg4 hxg4 40. Ng3 Qd4+ 41. Kg2 Qxc4 42. e4 Qxa2+ 43. Kg1 Qb1+ 44. Kf2 Qc2+ 45. Ne2 f5 46. e5 dxe5 47. d6 exd6 48. Qxd6 g3+ 49. Kf3 e4+ 50. Kf4 Qxe2 0-1

[Event "Wroclaw op-B 6th"]
[Site "Wroclaw"]
[Date "2011.07.05"]
[Round "3"]
[White "Zombirt, Filip"]
[Black "Nowakowski, Artur"]
[Result "1/2-1/2"]
[WhiteElo "1864"]
[BlackElo "1631"]
[PlyCount "58"]
[EventDate "2011.07.04"]
[EventType "swiss"]
[EventRounds "9"]
[EventCountry "POL"]
[SourceTitle "EXT 2023"]
[Source "ChessBase"]
[SourceDate "2022.10.05"]
[SourceVersion "1"]
[SourceVersionDate "2022.10.05"]
[SourceQuality "1"]

1. d4 Nf6 2. c4 g6 3. g3 Bg7 4. Bg2 d6 5. Nc3 0-0 6. Nf3 Nbd7 7. 0-0 c5 8. d5 Nb6 9. Nd2 Qc7 10. e4 e5 11. h3 a6 12. a4 a5 13. f4 Nh5 14. Kh2 Qd7 15. f5 h6 16. b3 Nf6 17. fxg6 fxg6 18. Nf3 Kh7 19. Nh4 Qe7 20. Ra2 Bd7 21. Raf2 Rf7 22. Be3 Raf8 23. Qd2 Nc8 24. Ne2 b6 25. Kg1 Nh5 26. Rxf7 Rxf7 27. Rxf7 Qxf7 28. g4 g5 29. Nf5 Nf4 1/2-1/2

[Event "Wroclaw op-B 6th"]
[Site "Wroclaw"]
[Date "2011.07.04"]
[Round "1"]
[White "Szymczak, Paula"]
[Black "Zombirt, Filip"]
[Result "0-1"]
[WhiteElo "1691"]
[BlackElo "1864"]
[PlyCount "58"]
[EventDate "2011.07.04"]
[EventType "swiss"]
[EventRounds "9"]
[EventCountry "POL"]
[SourceTitle "EXT 2023"]
[Source "ChessBase"]
[SourceDate "2022.10.05"]
[SourceVersion "1"]
[SourceVersionDate "2022.10.05"]
[SourceQuality "1"]

1. e4 c5 2. Nf3 Nc6 3. d4 cxd4 4. Nxd4 Nf6 5. Nc3 e5 6. Ndb5 d6 7. Nd5 Nxd5 8. exd5 Nb8 9. Bd3 a6 10. Nc3 f5 11. f3 Be7 12. Be3 0-0 13. 0-0 Nd7 14. a4 Bg5 15. Bxg5 Qxg5 16. b4 Qf4 17. Na2 a5 18. c3 axb4 19. Nxb4 Nc5 20. a5 b6 21. g3 Qe3+ 22. Kh1 Nxd3 23. Nxd3 Ba6 24. axb6 Qxd3 25. Qb3 Bc4 26. Qb2 Rxa1 27. Rxa1 Qxf3+ 28. Qg2 Qxg2+ 29. Kxg2 Rb8 0-1

[Event "POL-ch Amateurs"]
[Site "Wroclaw"]
[Date "2011.07.03"]
[Round "7"]
[White "Zombirt, Filip"]
[Black "Katafiasz, Tomasz"]
[Result "0-1"]
[WhiteElo "1864"]
[BlackElo "1876"]
[PlyCount "96"]
[EventDate "2011.07.01"]
[EventType "swiss"]
[EventRounds "7"]
[EventCountry "POL"]
[SourceTitle "EXT 2023"]
[Source "ChessBase"]
[SourceDate "2022.10.05"]
[SourceVersion "1"]
[SourceVersionDate "2022.10.05"]
[SourceQuality "1"]

1. d4 Nf6 2. c4 g6 3. g3 Bg7 4. Bg2 0-0 5. Nc3 c6 6. Nf3 d5 7. cxd5 Nxd5 8. 0-0 Bg4 9. Nxd5 cxd5 10. Ne5 Be6 11. Bf4 f6 12. Nd3 Nc6 13. Nc5 Bf7 14. Qd2 b6 15. Na6 g5 16. Be3 Qd6 17. f4 h6 18. Rac1 Rac8 19. b4 e6 20. Rc3 Ne7 21. Rfc1 Rxc3 22. Qxc3 Nf5 23. Bd2 e5 24. dxe5 fxe5 25. fxg5 Nd4 26. Bf1 hxg5 27. Qc7 Qf6 28. Be3 Bg6 29. Qd7 Be4 30. Qg4 Bh6 31. Nc7 Nc2 32. Qe6+ Qxe6 33. Nxe6 Rxf1+ 34. Rxf1 Nxe3 35. Rc1 Nc4 36. g4 Kf7 37. Nc7 Bf8 38. Rf1+ Kg8 39. Ne6 Be7 40. h3 d4 41. b5 Bd5 42. Nc7 Bf7 43. Na6 e4 44. Rd1 Bf6 45. Nb8 Bg6 46. Nc6 d3 47. exd3 exd3 48. Nb4 Nb2 0-1

[Event "Polanica Zdroj op-A 47th"]
[Site "Polanica Zdroj"]
[Date "2011.??.??"]
[Round "6"]
[White "Iwanow, Anna"]
[Black "Zombirt, Filip"]
[Result "1-0"]
[WhiteElo "2162"]
[BlackElo "1864"]
[PlyCount "91"]
[EventDate "2011.08.19"]
[EventType "swiss"]
[EventRounds "9"]
[EventCountry "POL"]
[SourceTitle "CBM 144 Extra"]
[Source "ChessBase"]
[SourceDate "2011.10.28"]
[SourceVersion "1"]
[SourceVersionDate "2011.10.28"]
[SourceQuality "1"]

1. e4 c5 2. Nf3 Nc6 3. d4 cxd4 4. Nxd4 Nf6 5. Nc3 e5 6. Ndb5 d6 7. Bg5 a6 8. Na3 b5 9. Bxf6 gxf6 10. Nd5 Bg7 11. Bd3 Ne7 12. Nxe7 Qxe7 13. c4 0-0 14. 0-0 f5 15. Re1 Qg5 16. Qf3 Bb7 17. b3 Kh8 18. Rad1 f4 19. Nc2 Rg8 20. cxb5 Bf6 21. bxa6 Bc8 22. Be2 Qh4 23. Kh1 Bg4 24. Qd3 Be6 25. Bf3 Rg6 26. Qf1 Rh6 27. Qg1 Rxa6 28. Nb4 Ra8 29. Rd3 Bd8 30. Rc1 Bb6 31. Rc2 Rc8 32. Rdd2 Rg8 33. Nd5 Bd4 34. Rxd4 exd4 35. Rd2 Rc8 36. g3 fxg3 37. fxg3 Qg5 38. Qxd4+ f6 39. Kg2 Bh3+ 40. Kf2 Bg4 41. h4 Qg6 42. Ne7 Qe8 43. Bxg4 Rd8 44. Nf5 Rg6 45. h5 Rxg4 46. Qxf6+ 1-0